000 00334nam a2200145 i 4500
001 bg
100 1 _aBASMAKOVA, I. G.
245 0 _aDiofant i diofantovy uravnenija /
_cI.G Basmakova.
260 _aMoskva,
_c1972.
040 _cBPK
041 _apol
080 _a511.5
942 _cKS
008 s pl f |000 0 pol
999 _c14485
_d14485
856 _uhttp://koha.tu.koszalin.pl/cgi-bin/koha/opac-detail.pl?biblionumber=14485
_yKatalog online BPK